Ekonomika zemědělství

Gespeichert in:
Bibliographische Detailangaben
1. Verfasser: Grolig, Alois
Format: Buch
Sprache:Tschechisch
Veröffentlicht: Praha Státní pedagogické nakladatelství 1983
Ausgabe:3. vyd.
Tags: Tag hinzufügen
Keine Tags, Fügen Sie das erste Tag hinzu!

MARC

LEADER 00000nam a2200000 4500
001 c115020
005 20190515080602.9
041 0 |a cze 
044 |a CZ 
245 1 0 |a Ekonomika zemědělství  |c Alois Grolig 
250 |a 3. vyd. 
264 1 |a Praha  |b Státní pedagogické nakladatelství  |c 1983 
300 |a 341 s. 
100 1 |a Grolig, Alois